000
00257nam a2200097Ia 4500
008
191206s9999 xx 000 0 und d
090
_a
DT856.A47
245
0
_a
Handbook of the federation of Nyasaland and Rhodesia
260
_a
Cassell company
260
_c
c1960
999
_c
16118
_d
16118